| Tag |
First Indicator |
Second Indicator |
Subfields |
| LEADER |
00000cam a2200000 a 4500 |
| 001 |
in00005529521 |
| 008 |
231004t20212021xxua bf 001 0 eng d |
| 005 |
20241126193418.5 |
| 020 |
|
|
|a 9780983645801
|q (hardcover)
|
| 020 |
|
|
|a 0983645809
|q (hardcover)
|
| 035 |
|
|
|a (OCoLC)on1401758248
|
| 035 |
|
|
|a (OCoLC)1401758248
|
| 040 |
|
|
|a IAZ
|e rda
|c IAZ
|d COO
|d BWK
|d TXA
|
| 090 |
|
|
|a GV1469.62.B87
|b B87 2021
|
| 245 |
0 |
4 |
|a The burning wheel :
|b fantasy roleplaying system.
|
| 250 |
|
|
|a Gold edition revised.
|
| 264 |
|
1 |
|a [Place of publication not identified] :
|b [publisher not identified],
|c [2021].
|
| 264 |
|
4 |
|c ©2021.
|
| 300 |
|
|
|a 599 pages :
|b illustrations ;
|c 22 cm.
|
| 504 |
|
|
|a Includes bibliographical references (page 599) and indexes.
|
| 505 |
0 |
|
|a The Hub of the Wheel -- The Spokes -- The Character Burner -- The Lists -- The Rim -- Appendices.
|
| 520 |
|
|
|a Burning Wheel is an award-winning fantasy roleplaying game in which players take on the roles of vibrant, dynamic characters whose very beliefs propel the story forward. Starting with a simple D6 dice pool mechanic, this game intuitively builds on its core concepts. The rules detail dramatic systems for task resolution, advancement, trials of belief, tests of nerve, searing social conflict, dangerous sorcery, miraculous faith and brutal, gut-wrenching martial combat. Behind the dice, your decisions drive the game's systems. Your choices tangibly affect every outcome, from glorious victory to ignominious defeat. But there are consequences to every decision, ramifications to every action. The choices you make close off one path, while opening another. This philosophy underpins the character creation system for Burning Wheel. And it's not just a matter of pushing a point here, or nudging a number there. As soon as you decide to make a character in Burning Wheel, you are confronted with decisions about the character's past, ethics, beliefs, scars, goals and dreams. Questions whose answers affect not only your character, but the shape of the story as a whole. Burning Wheel is presented in an easy-to-read writing style, with plenty of insight and advice from the designer. Should you choose to play, Burning Wheel will change the way you play roleplaying games. The Revised Edition of Burning Wheel Gold contains adjustments, revisions and errata incorporated by the author.
|
| 650 |
|
0 |
|a Burning Wheel (Game)
|v Handbooks, manuals, etc.
|
| 650 |
|
0 |
|a Burning Wheel (Game)
|v Rules.
|
| 650 |
|
0 |
|a Fantasy games.
|
| 650 |
|
0 |
|a Role playing.
|
| 948 |
|
|
|h NO HOLDINGS IN TXA - 1 OTHER HOLDINGS
|
| 994 |
|
|
|a Z0
|b TXA
|
| 999 |
f |
f |
|s 85e69332-2c71-4d7e-b7dd-5a0c4945d138
|i 1aa47f2c-5735-4b47-8117-535c80a814e5
|t 0
|
| 952 |
f |
f |
|p normal
|a Texas A&M University
|b College Station
|c Sterling C. Evans Library
|d Evans: Library Stacks
|t 0
|e GV1469.62.B87 B87 2021
|h Library of Congress classification
|i unmediated -- volume
|m A14852201087
|
| 998 |
f |
f |
|a GV1469.62.B87 B87 2021
|t 0
|l Evans: Library Stacks
|